01944nam a2200301 i 4500003000900000005001700009007000300026008004100029020001800070040003000088041000800118082001400126100005900140245019100199250002300390264008600413300006000499336002700559337003300586338003000619490003600649490003100685500007400716505067100790600005901461700004701520700007501567DO-SdBNP20250307073711.0ta091102e1923 dr ao 000 e spa d a9789945250756 aDO-SdBNPbspacBNPHUerda aspa04bH519s2221 aHenríquez Ureña, Pedro,d1884-1946 eautor4aut.10aSeleccion de ensayos de Pedro Henríquez Ureña / cPedro Henriquez Ureña ; compiladora, Kary Alba Rocha Arias ; diagramador y diseñador de cubierta, Yahaira Fernández Vázquez. aPrimera edición  4aSanto Domingo, República Dominicana : bArchivo General de la Nación,c©2023 a190 páginas :bilustraciones, fotografías ;c21 cm. atextobtxt2rdacontent asin mediaciónbn2rdamedia avolumen bnc2rdacarrier 0 aArchivo General de la Nación.0 aColección juvenil ; v32 aIncluye referencias bibliográficas y notas al pie de las páginas. aPresentación /rKary Alba Rocha Arias.--gPrimera Parte:tLa utopía de América.-- Patria de la Justicia.-- Seis ensayos en busca de nuestra expresión: El descontento y la promesa.--gSegunda Parte:tVida intelectual de Santo Domingo .-- La República Dominicana.-- Litertura dominicana.-- La antigua sociedad patriarcal de las Antillas: modaliades arcaicas de la vida en Santo Domingo durante el siglo XIX.-- Casa de Apóstoles.-- En mi tierra.-- La emancipación y primer período de la vida independiente en la isla de Santo Domingo.-- La República Dominicana desde 1973 hasta nuestros días.-- Dos momentos en la historia cultural de Santo Domingo.10aHenríquez Ureña, Pedro,d1884-1946 xVida y obra1 aRocha Arias, Kary Alba,ecompiladora4com.1 aFernández Vázquez, Yahaira,ediagramador y diseñador de cubierta